000 00645cam a22002053a 4500
001 40091
003 PGUSA
005 20140828083908.0
008 120626s2012||||xxu|||||s|||||000 | eng d
040 _aPGUSA
_beng
042 _adc
100 1 _aBallard, Robert
245 1 4 _aThe Solution of the Pyramid Problem ;
_bor, Pyramide Discoveries with a New Theory as to their Ancient Use
_h[electronic resource] /
_cRobert Ballard
260 _bProject Gutenberg,
_c2012
506 _aPublic domain in the USA.
516 _aElectronic text
830 0 _aProject Gutenberg
_v40091
856 4 0 _uhttp://www.gutenberg.org/ebooks/40091
942 _cEB
999 _c269344
_d269344